[Event "112th YMCA Autumn B"]
[Site "Warszawa"]
[Date "2012.11.07"]
[Round "8"]
[White "Moskwinski, Marek"]
[Black "Pajak, Jakub"]
[Result "0-1"]
[WhiteElo "1809"]
[BlackElo "1762"]
[PlyCount "44"]
[EventDate "2012.09.18"]
[EventType "tourn"]
[EventRounds "1"]
[EventCountry "POL"]
[SourceDate "2012.09.18"]

1. e4 c5 2. Nf3 Nc6 3. d4 cxd4 4. Nxd4 g6 5. Nc3 Bg7 6. Be3 Nf6 7. Bc4 O-O 8.
Qd2 Ng4 9. Nxc6 dxc6 10. Qxd8 Rxd8 11. Bc5 Bf6 12. O-O b6 13. Be3 b5 14. Bb3 b4
15. Nd1 Nxe3 16. fxe3 Bg4 17. h3 Be2 18. Re1 Rd2 19. c3 a5 20. a4 Bh4 21. Nf2
Bxf2+ 22. Kxf2 Bc4+ 0-1

[Event "112th YMCA Autumn B"]
[Site "Warszawa"]
[Date "2012.11.07"]
[Round "8"]
[White "Maciejewski, Andrzej"]
[Black "Debowska, Teresa"]
[Result "1-0"]
[WhiteElo "1780"]
[BlackElo "1837"]
[PlyCount "75"]
[EventDate "2012.09.18"]
[EventType "tourn"]
[EventRounds "1"]
[EventCountry "POL"]
[SourceDate "2012.09.18"]

1. e4 d5 2. exd5 Qxd5 3. Nc3 Qd6 4. Nf3 Nf6 5. d4 a6 6. Bc4 Bf5 7. O-O e6 8.
Re1 Nc6 9. Be3 O-O-O 10. Qe2 Nb4 11. Rad1 Nbd5 12. Ne5 Bg6 13. a3 Nxe3 14. fxe3
Be7 15. b4 Rdf8 16. b5 a5 17. Na4 Ne4 18. Bd3 f5 19. b6 Bf6 20. Nc4 Qc6 21.
bxc7 Kxc7 22. Bxe4 Qxa4 23. Bf3 Be8 24. Rb1 b5 25. Nb2 Qxa3 26. c4 f4 27. Qc2
b4 28. Qe4 Bd7 29. c5 Qa2 30. c6 Bc8 31. Qxf4+ e5 32. dxe5 Be7 33. Qd4 Rxf3 34.
gxf3 Rf8 35. Nc4 Bh3 36. Rb2 Qa4 37. Qb6+ Kc8 38. Rd2 1-0

[Event "112th YMCA Autumn B"]
[Site "Warszawa"]
[Date "2012.11.14"]
[Round "9"]
[White "Pajak, Jakub"]
[Black "Maciejewski, Andrzej"]
[Result "1/2-1/2"]
[WhiteElo "1762"]
[BlackElo "1780"]
[Annotator "Admin"]
[PlyCount "74"]
[EventDate "2012.09.18"]
[EventType "tourn"]
[EventRounds "1"]
[EventCountry "POL"]
[SourceDate "2012.09.18"]

1. e4 c5 2. Nf3 d6 3. d4 cxd4 4. Nxd4 Nf6 5. Nc3 g6 6. Be3 Bg7 7. f3 O-O 8. Qd2
Nc6 9. O-O-O d5 10. g4 dxe4 11. Nxc6 Qxd2+ 12. Bxd2 bxc6 13. g5 Nd5 14. Nxe4
Bf5 15. Ng3 Rab8 16. c3 Be6 17. Bd3 Rb6 18. Ne4 Rfb8 19. b3 a5 20. c4 Nb4 21.
Bxb4 Rxb4 22. Nc5 R4b6 23. Rhe1 Bh3 24. Bf1 Bf5 25. Rxe7 Bf8 26. Re5 Bxc5 27.
Rxc5 a4 28. Bd3 axb3 29. axb3 Rxb3 30. Bxf5 $11 gxf5 31. Rxf5 Rc3+ 32. Kd2 Rxc4
33. Ke3 Rb7 34. Rd6 Rb5 35. Rxb5 cxb5 36. Rb6 Rb4 37. h4 Rxh4 $11 1/2-1/2

[Event "112th YMCA Autumn B"]
[Site "Warszawa"]
[Date "2012.11.16"]
[Round "9"]
[White "Kurowski, Andrzej"]
[Black "Moskwinski, Marek"]
[Result "1-0"]
[WhiteElo "1782"]
[BlackElo "1809"]
[PlyCount "71"]
[EventDate "2012.09.18"]
[EventType "tourn"]
[EventRounds "1"]
[EventCountry "POL"]
[SourceDate "2012.09.18"]

1. d4 Nf6 2. c4 c5 3. d5 e6 4. Nc3 exd5 5. cxd5 d6 6. e4 g6 7. f4 Bg4 8. Nf3
Bg7 9. Be2 O-O 10. O-O Re8 11. h3 Bxf3 12. Bxf3 Nfd7 13. Kh1 Bxc3 14. bxc3 Qf6
15. Qb3 Nb6 16. a4 Re7 17. a5 Nc8 18. Bd2 Na6 19. Rae1 Rb8 20. c4 b6 21. Qe3
Qd4 22. Qxd4 cxd4 23. e5 Nc5 24. Bg4 Nd3 25. Re4 dxe5 26. fxe5 Nc5 27. Rxd4 Nb3
28. Rd3 Nxd2 29. Rxd2 Rxe5 30. d6 Nxd6 31. Rxd6 f6 32. Bf3 Rxa5 33. Bd5+ Kg7
34. Re1 Rc8 35. Re7+ Kh6 36. Rdd7 1-0

[Event "112th YMCA Autumn B"]
[Site "Warszawa"]
[Date "2012.11.14"]
[Round "9"]
[White "Lasota, Adam"]
[Black "Koziol, Pawel"]
[Result "0-1"]
[WhiteElo "1873"]
[BlackElo "1829"]
[PlyCount "150"]
[EventDate "2012.09.18"]
[EventType "tourn"]
[EventRounds "1"]
[EventCountry "POL"]
[SourceDate "2012.09.18"]

1. d4 Nf6 2. Bf4 c5 3. e3 Qb6 4. Na3 d5 5. Nb5 Na6 6. a4 c4 7. b3 Qa5+ 8. c3
cxb3 9. Qxb3 g6 10. Be5 Qd8 11. Ne2 Bg7 12. Nf4 O-O 13. Bxf6 exf6 14. Qxd5 Qa5
15. Bc4 g5 16. Nh5 Be6 17. Nxf6+ Bxf6 18. Qf3 Bxc4 19. Qxf6 Qd8 20. Qxd8 Rfxd8
21. Na3 Bd5 22. O-O Rac8 23. Rfc1 Bc4 24. Nb5 Bxb5 25. axb5 Nc7 26. Rxa7 Nxb5
27. Rxb7 Nxc3 28. Kf1 Ne4 29. Rbc7 Nd6 30. Ke2 Kf8 31. Kf3 Kg7 32. h4 gxh4 33.
Kg4 Rxc7 34. Rxc7 Rc8 35. Rd7 Ne4 36. Kf3 Nf6 37. Ra7 Rc1 38. Ra2 Rh1 39. Rd2
h3 40. gxh3 Rxh3+ 41. Kg2 Rh5 42. f3 Rg5+ 43. Kh3 Ra5 44. e4 Ra3 45. Kg2 Nd7
46. Kg3 Ra6 47. Kf4 h6 48. Rg2+ Rg6 49. Rh2 Kf6 50. Rh5 Ke6 51. Ke3 Kf6 52. Kf4
Kg7 53. e5 Rg1 54. Kf5 Rd1 55. Rh4 Nf8 56. Rg4+ Ng6 57. e6 fxe6+ 58. Kxe6 Rf1
59. Rg3 h5 60. d5 h4 61. Rg5 Rxf3 62. Rg1 h3 63. d6 h2 64. Rd1 Nf8+ 65. Ke5 Kg6
66. Rh1 Rh3 67. Kf4 Kh5 68. Kf5 Kh4 69. Kf4 Nd7 70. Kf5 Kg3 71. Ke6 Rh7 72. Ra1
Nf8+ 73. Kf6 h1=Q 74. Rxh1 Rxh1 75. Ke7 Rf1 0-1

[Event "112th YMCA Autumn B"]
[Site "Warszawa"]
[Date "2012.11.16"]
[Round "9"]
[White "Sawicki, Wojciech"]
[Black "Krzyzanowski, Antoni"]
[Result "1-0"]
[WhiteElo "1745"]
[BlackElo "1729"]
[PlyCount "87"]
[EventDate "2012.09.18"]
[EventType "tourn"]
[EventRounds "1"]
[EventCountry "POL"]
[SourceDate "2012.09.18"]

1. e4 Nf6 2. e5 Nd5 3. d4 d6 4. Nf3 g6 5. Bc4 Nb6 6. Bb3 Bg7 7. exd6 cxd6 8.
O-O O-O 9. Re1 Nc6 10. c3 Bg4 11. h3 Bxf3 12. Qxf3 e5 13. dxe5 dxe5 14. Be3 Qc7
15. Na3 Kh8 16. Bc5 Ne7 17. Bb4 f5 18. Nb5 Qd7 19. Nd6 e4 20. Qe2 Ned5 21. Rad1
Nf4 22. Qb5 Qc7 23. Nc4 Rfd8 24. Bd6 Rxd6 25. Nxd6 a6 26. Qa5 h6 27. Nc4 Nbd5
28. Rxd5 b6 29. Qxb6 Nxd5 30. Qxg6 Rf8 31. Qxa6 Nf4 32. Qd6 Qxd6 33. Nxd6 Nd3
34. Re2 Kh7 35. Nc4 Bf6 36. g3 Be7 37. Bc2 Rc8 38. Bxd3 Bg5 39. Bxe4 Rxc4 40.
Bxf5+ Kg7 41. Re4 Rc5 42. Be6 Bc1 43. b4 Rxc3 44. Rc4 1-0

[Event "112th YMCA Autumn B"]
[Site "Warszawa"]
[Date "2012.11.22"]
[Round "9"]
[White "Herman, Monika"]
[Black "Jarmuzynska, Kamila"]
[Result "1/2-1/2"]
[WhiteElo "1712"]
[BlackElo "1723"]
[Annotator "Admin"]
[PlyCount "32"]
[EventDate "2012.09.18"]
[EventType "tourn"]
[EventRounds "1"]
[EventCountry "POL"]
[SourceDate "2012.09.18"]

1. e4 e6 2. d4 d5 3. exd5 exd5 4. Bd3 Bd6 5. Nf3 Nf6 6. O-O O-O 7. Re1 Bg4 8.
Be3 c6 9. c3 Qc7 10. h3 Bh5 11. Nbd2 Nbd7 12. Qc2 Rfe8 13. a4 a6 14. b4 Bg6 15.
Bxg6 hxg6 16. Re2 Ne4 $11 1/2-1/2

[Event "112th YMCA Autumn B"]
[Site "Warszawa"]
[Date "2012.11.14"]
[Round "9"]
[White "Szukalski, Antoni"]
[Black "Kowalczyk, Waldemar"]
[Result "1/2-1/2"]
[WhiteElo "1836"]
[BlackElo "1702"]
[PlyCount "139"]
[EventDate "2012.09.18"]
[EventType "tourn"]
[EventRounds "1"]
[EventCountry "POL"]
[SourceDate "2012.09.18"]

1. e4 e6 2. Nf3 d5 3. exd5 exd5 4. d4 Nf6 5. Be2 Be7 6. O-O O-O 7. Nc3 Bg4 8.
Bf4 c6 9. Re1 Re8 10. h3 Bh5 11. a3 Nbd7 12. Qd2 Bg6 13. Bd3 Nf8 14. Ne5 Ne6
15. Bxg6 hxg6 16. Nxg6 Nxf4 17. Nxe7+ Rxe7 18. Qxf4 Qd7 19. Qd2 Rae8 20. Rxe7
Rxe7 21. Re1 Rxe1+ 22. Qxe1 Qf5 23. Qd1 Kf8 24. Ne2 Ne4 25. f3 Nd6 26. b3 Qg5
27. Qe1 Qe3+ 28. Qf2 Qd2 29. Ng3 Qc1+ 30. Nf1 Qxa3 31. Qd2 a6 32. Kf2 Ne8 33.
Ne3 Qe7 34. Nf5 Qf6 35. Qb4+ Kg8 36. g4 g6 37. Ng3 b5 38. Qd2 Nc7 39. c3 Ne6
40. Ne2 Qh4+ 41. Kg2 Ng5 42. Ng1 Ne6 43. Qe3 g5 44. Ne2 Qh6 45. Qe5 Qg6 46. Kg3
Kh7 47. h4 gxh4+ 48. Kxh4 Qh6+ 49. Kg3 Qg6 50. Nf4 Nxf4 51. Qxf4 a5 52. Qc7 a4
53. bxa4 bxa4 54. Qa7 Qd6+ 55. Kg2 Qf4 56. Qxa4 Qd2+ 57. Kg3 Qxc3 58. Qa7 Kg7
59. Qb6 Qc4 60. Kf4 Qc1+ 61. Kg3 Qc3 62. Kf4 Kf6 63. Qd8+ Ke6 64. Qe8+ Kd6 65.
Qd8+ Ke6 66. Qe8+ Kd6 67. Qd8+ Ke6 68. Qe8+ Kd6 69. Qd8+ Ke6 70. Qe8+ 1/2-1/2

[Event "112th YMCA Autumn B"]
[Site "Warszawa"]
[Date "2012.10.10"]
[Round "10"]
[White "Jarmuzynska, Kamila"]
[Black "Szukalski, Antoni"]
[Result "1/2-1/2"]
[WhiteElo "1723"]
[BlackElo "1836"]
[Annotator "Admin"]
[PlyCount "51"]
[EventDate "2012.09.18"]
[EventType "tourn"]
[EventRounds "1"]
[EventCountry "POL"]
[SourceDate "2012.09.18"]

1. d4 d5 2. c4 c6 3. Nc3 Nf6 4. Bf4 e6 5. e3 Bd6 6. Bxd6 Qxd6 7. c5 Qc7 8. f4
Ne4 9. Nxe4 dxe4 10. Ne2 Qe7 11. Nc3 f5 12. Qd2 Nd7 13. b4 Nf6 14. h3 Nd5 15.
Nxd5 Qh4+ 16. Qf2 Qxf2+ 17. Kxf2 exd5 18. Be2 Bd7 19. Rhb1 $11 O-O 20. b5 Rfb8
21. b6 a6 22. a4 Kf7 23. g3 Kf6 24. h4 Rh8 25. Rh1 h5 26. a5 1/2-1/2

[Event "112th YMCA Autumn B"]
[Site "Warszawa"]
[Date "2012.11.21"]
[Round "10"]
[White "Krzyzanowski, Antoni"]
[Black "Herman, Monika"]
[Result "1-0"]
[WhiteElo "1729"]
[BlackElo "1712"]
[PlyCount "91"]
[EventDate "2012.09.18"]
[EventType "tourn"]
[EventRounds "1"]
[EventCountry "POL"]
[SourceDate "2012.09.18"]

1. e4 d6 2. d4 Nf6 3. Nc3 g6 4. Bg5 Bg7 5. Qd2 Nbd7 6. f4 c5 7. d5 Qb6 8. Rb1
h6 9. Bh4 Nh5 10. Nge2 e5 11. dxe6 fxe6 12. e5 dxe5 13. Qd3 Kf7 14. Ne4 Bf8 15.
g3 Rg8 16. Bh3 exf4 17. gxf4 Ndf6 18. Rf1 Nxe4 19. Qxe4 Qb4+ 20. Qxb4 cxb4 21.
Rd1 Be7 22. Bxe7 Kxe7 23. Rd4 e5 24. Rd3 Rf8 25. fxe5 Rxf1+ 26. Bxf1 Bf5 27.
Rd4 a5 28. Rc4 Ke6 29. Rc5 b6 30. Nd4+ Kd7 31. Bb5+ Kd8 32. Rd5+ Ke7 33. Nxf5+
gxf5 34. Rd6 Rg8 35. Rxh6 Nf4 36. Bc4 Rg2 37. Rh7+ Kd8 38. e6 Nxe6 39. Bxe6
Rxc2 40. Rd7+ Ke8 41. Rd2 Rxd2 42. Kxd2 f4 43. h4 Ke7 44. Bd5 Kf6 45. Kd3 Kf5
46. Bf3 1-0

[Event "112th YMCA Autumn B"]
[Site "Warszawa"]
[Date "2012.11.19"]
[Round "10"]
[White "Koziol, Pawel"]
[Black "Sawicki, Wojciech"]
[Result "0-1"]
[WhiteElo "1829"]
[BlackElo "1745"]
[PlyCount "68"]
[EventDate "2012.09.18"]
[EventType "tourn"]
[EventRounds "1"]
[EventCountry "POL"]
[SourceDate "2012.09.18"]

1. d4 Nf6 2. c4 c5 3. d5 b5 4. cxb5 a6 5. b6 Qxb6 6. Nc3 g6 7. e4 d6 8. Nf3 Bg4
9. Be2 Bxf3 10. gxf3 Nbd7 11. a4 Bg7 12. a5 Qc7 13. Be3 O-O 14. Qd2 Rfb8 15.
O-O Ne5 16. Na4 Ned7 17. Ra3 Ne8 18. Rc1 Qb7 19. Rc2 Nc7 20. Bg5 Nb5 21. Rb3
Qc7 22. Rc1 Nd4 23. Rxb8+ Rxb8 24. Qd1 Qxa5 25. Nc3 Bf6 26. Ra1 Nxe2+ 27. Nxe2
Qb5 28. Bxf6 Nxf6 29. Rb1 Qb3 30. Qxb3 Rxb3 31. Nc3 Nd7 32. Kg2 Ne5 33. Kg3 Nc4
34. Ra1 Nxb2 0-1

[Event "112th YMCA Autumn B"]
[Site "Warszawa"]
[Date "2012.11.26"]
[Round "10"]
[White "Moskwinski, Marek"]
[Black "Lasota, Adam"]
[Result "0-1"]
[WhiteElo "1809"]
[BlackElo "1873"]
[PlyCount "114"]
[EventDate "2012.09.18"]
[EventType "tourn"]
[EventRounds "1"]
[EventCountry "POL"]
[SourceDate "2012.09.18"]

1. e4 c5 2. Nf3 e6 3. d4 cxd4 4. Nxd4 Nc6 5. Nc3 Qc7 6. Be3 a6 7. Be2 Nf6 8.
O-O Bb4 9. Nxc6 bxc6 10. f3 d5 11. exd5 cxd5 12. Qd4 Bd6 13. f4 O-O 14. Qb6
Qxb6 15. Bxb6 Rb8 16. Bd4 Rxb2 17. Nxd5 Rxc2 18. Nxf6+ gxf6 19. Bd3 Rd2 20. Rf3
Rd8 21. Rc1 Bb7 22. Rg3+ Kf8 23. Bxf6 Bxf4 24. Bxd8 Bxg3 25. hxg3 Rxd3 26. Ba5
Rxg3 27. Rc2 Kg7 28. Bc7 Rg4 29. Kh2 Bd5 30. a3 Kg6 31. Bd6 h5 32. Rb2 f6 33.
Rc2 e5 34. Rf2 Rc4 35. Rd2 Bc6 36. Re2 Kf5 37. Rf2+ Ke6 38. Bb4 f5 39. Rd2 Bd5
40. Rb2 f4 41. Bd2 Kf5 42. Bb4 Rc1 43. Rd2 Ke6 44. Rb2 h4 45. Bd2 Rd1 46. Ba5
Ra1 47. Bb4 Kf5 48. Rd2 Be4 49. Rb2 h3 50. Bc3 hxg2 51. Rxg2 Rxa3 52. Bb2 Ra2
53. Rd2 Kg4 54. Rf2 a5 55. Kg1 Kf5 56. Rh2 Bf3 57. Bxe5 Rxh2 0-1

[Event "112th YMCA Autumn B"]
[Site "Warszawa"]
[Date "2012.11.27"]
[Round "10"]
[White "Maciejewski, Andrzej"]
[Black "Kurowski, Andrzej"]
[Result "1/2-1/2"]
[WhiteElo "1780"]
[BlackElo "1782"]
[Annotator "Admin"]
[PlyCount "91"]
[EventDate "2012.09.18"]
[EventType "tourn"]
[EventRounds "1"]
[EventCountry "POL"]
[SourceDate "2012.09.18"]

1. e4 e6 2. d4 d5 3. exd5 exd5 4. Bd3 Bd6 5. Nf3 Ne7 6. O-O O-O 7. Bg5 f6 8.
Bh4 Bf5 9. Nc3 Nbc6 10. b3 Qd7 11. Bg3 Bb4 12. Nb5 a6 13. Nxc7 Rac8 14. Nxa6
bxa6 15. Bxa6 Ra8 16. Bb5 Bc3 17. Rc1 Rxa2 18. Nh4 Qb7 19. Bxc6 Qxc6 20. Bf4
Bb2 21. Nxf5 Nxf5 22. Rb1 Rc8 23. g4 Ne7 24. Re1 Ng6 25. Qf3 Nxf4 26. Qxf4 Qxc2
27. g5 Qg6 28. Qg4 Qxg5 29. Qxg5 fxg5 30. Re2 Rb8 31. Rexb2 Rxb2 32. Rxb2 Rb4
33. Kf1 Kf7 34. Ke2 Rxd4 35. b4 Ke6 36. b5 Kd6 37. b6 Re4+ 38. Kd3 Re8 39. b7
Rb8 40. Kd4 g4 41. Rb3 Kc6 42. Rc3+ Kd6 43. Rb3 Kc6 44. Rb2 Kd6 45. Rb6+ Kc7
46. Rb3 $11 1/2-1/2

[Event "112th YMCA Autumn B"]
[Site "Warszawa"]
[Date "2012.11.21"]
[Round "10"]
[White "Debowska, Teresa"]
[Black "Pajak, Jakub"]
[Result "1/2-1/2"]
[WhiteElo "1837"]
[BlackElo "1762"]
[Annotator "Admin"]
[PlyCount "133"]
[EventDate "2012.09.18"]
[EventType "tourn"]
[EventRounds "1"]
[EventCountry "POL"]
[SourceDate "2012.09.18"]

1. e4 g6 2. d3 c5 3. g3 Nc6 4. Bg2 Bg7 5. Nf3 d6 6. O-O Bd7 7. c3 Nf6 8. h3 Qc8
9. Kh2 b5 10. Be3 a5 11. e5 Nxe5 12. Nxe5 dxe5 13. Bxa8 Qxa8 14. Bxc5 Qc8 15.
d4 Bxh3 16. Re1 Ng4+ 17. Kg1 Qc6 18. f3 Bh6 19. Qe2 Be3+ 20. Kh1 Bf2 21. Qe4
Qxe4 22. Rxe4 Ne3 23. Rxe3 Bxe3 24. Na3 b4 25. Nc4 exd4 26. cxd4 Bf2 27. Kh2
Be6 28. Nxa5 h5 29. Kg2 Be3 30. Nc6 h4 31. Nxb4 hxg3 32. Kxg3 Rh3+ 33. Kg2 Bf4
34. Rh1 Rg3+ 35. Kf2 g5 36. d5 Bf5 37. Re1 e6 38. dxe6 fxe6 39. Nd5 g4 40. Nf6+
Kf7 41. Nxg4 Rh3 42. Rg1 e5 43. Ne3 Bd3 44. Nd5 Bd2 45. Be3 Ba5 46. b4 Bd8 47.
Bg5 Bc4 48. Ne3 Bb6 49. Rg4 Bxa2 50. Kg2 Rh5 51. Nf5 Be6 52. Nd6+ Kf8 53. Rg3
Rh7 54. Bf6 Bc7 55. Ne4 Bf5 56. Rg5 Bxe4 57. fxe4 Bd6 58. b5 Be7 59. Bxe7+ Rxe7
60. Rg3 Rb7 61. Rb3 Ke7 62. Kg3 Kd6 63. Kg4 Kc5 64. Kf5 Kd4 65. Rb4+ Kc3 66.
Rb1 Kc2 67. Rb4 $11 1/2-1/2

[Event "112th YMCA Autumn B"]
[Site "Warszawa"]
[Date "2012.12.06"]
[Round "11"]
[White "Kurowski, Andrzej"]
[Black "Debowska, Teresa"]
[Result "0-1"]
[WhiteElo "1782"]
[BlackElo "1837"]
[PlyCount "54"]
[EventDate "2012.09.18"]
[EventType "tourn"]
[EventRounds "1"]
[EventCountry "POL"]
[SourceDate "2012.09.18"]

1. d4 g6 2. c4 Bg7 3. Nc3 Nf6 4. e4 d6 5. Nf3 O-O 6. Be2 Nbd7 7. O-O c5 8. d5
Ne8 9. Be3 h6 10. Qd2 Kh7 11. Ne1 e5 12. dxe6 fxe6 13. Bf4 Ne5 14. Nf3 Qf6 15.
Bg3 Nxf3+ 16. Bxf3 Qd4 17. Qe2 Qf6 18. Rad1 e5 19. Rd2 h5 20. Rfd1 h4 21. Bxh4
Qxh4 22. Nb5 Bf6 23. Nxd6 Nxd6 24. Rxd6 Be7 25. R6d5 Qg5 26. b3 Be6 27. R5d3
Rad8 0-1

[Event "112th YMCA Autumn B"]
[Site "Warszawa"]
[Date "2012.12.05"]
[Round "11"]
[White "Lasota, Adam"]
[Black "Maciejewski, Andrzej"]
[Result "1-0"]
[WhiteElo "1873"]
[BlackElo "1780"]
[PlyCount "27"]
[EventDate "2012.09.18"]
[EventType "tourn"]
[EventRounds "1"]
[EventCountry "POL"]
[SourceDate "2012.09.18"]

1. Nf3 d5 2. d4 Nf6 3. Bf4 e6 4. e3 Nh5 5. Bg5 Be7 6. Bxe7 Qxe7 7. c4 O-O 8.
Nc3 Nf6 9. Qb3 Nc6 10. cxd5 exd5 11. Be2 Na5 12. Qc2 Be6 13. Ng5 Bd7 14. Nxd5
1-0

[Event "112th YMCA Autumn B"]
[Site "Warszawa"]
[Date "2012.12.04"]
[Round "11"]
[White "Sawicki, Wojciech"]
[Black "Moskwinski, Marek"]
[Result "0-1"]
[WhiteElo "1745"]
[BlackElo "1809"]
[Annotator "Admin"]
[PlyCount "68"]
[EventDate "2012.09.18"]
[EventType "tourn"]
[EventRounds "1"]
[EventCountry "POL"]
[SourceDate "2012.09.18"]

1. e4 c5 2. d4 cxd4 3. c3 dxc3 4. Nxc3 d6 5. Nf3 Nf6 6. Bc4 Nc6 7. O-O e6 8.
Qe2 Be7 9. Rd1 e5 10. Be3 O-O 11. Rac1 Be6 12. b4 a6 13. Bxe6 fxe6 14. Ng5 Qd7
15. Na4 Bd8 16. Nc5 Qe7 17. Ncxe6 Re8 18. Qc4 Kh8 19. Nxd8 Nxd8 20. Bb6 Ne6 21.
Nxe6 Qxe6 22. Qxe6 Rxe6 23. f3 d5 24. Be3 dxe4 25. fxe4 Nxe4 26. Rc7 Rf8 27.
Rdd7 Rc6 $11 28. Rxg7 Rxc7 29. Rxc7 Rd8 30. Kf1 Rd1+ 31. Ke2 Ra1 32. Kf3 Nd6
33. Rc2 Nb5 34. Bh6 Nd4+ 0-1

[Event "112th YMCA Autumn B"]
[Site "Warszawa"]
[Date "2012.11.28"]
[Round "11"]
[White "Herman, Monika"]
[Black "Koziol, Pawel"]
[Result "1/2-1/2"]
[WhiteElo "1712"]
[BlackElo "1829"]
[Annotator "Admin"]
[PlyCount "96"]
[EventDate "2012.09.18"]
[EventType "tourn"]
[EventRounds "1"]
[EventCountry "POL"]
[SourceDate "2012.09.18"]

1. e4 e5 2. Nf3 Nc6 3. Bc4 Bc5 4. O-O d6 5. d3 Nf6 6. Bg5 h6 7. Be3 Bb6 8. h3
Be6 9. Nbd2 O-O 10. a4 d5 11. exd5 Bxd5 12. Re1 Re8 13. Bb5 Nd7 14. c4 Bxf3 15.
Qxf3 Nd4 16. Bxd4 Bxd4 17. Bxd7 Qxd7 18. Reb1 c6 19. Nb3 Rad8 20. Nxd4 Qxd4 21.
Ra3 Re7 22. b4 e4 23. dxe4 Qxe4 24. Rd1 Rxd1+ 25. Qxd1 Qe1+ 26. Qxe1 Rxe1+ 27.
Kh2 Rb1 28. b5 Rb4 29. c5 Rc4 30. b6 Rxc5 31. Rc3 Ra5 32. Rxc6 Rxa4 33. Rc8+
Kh7 34. Rc7 axb6 35. Rxb7 Rb4 36. Rxf7 $11 Kg6 37. Rb7 Kf6 38. g4 Rb2 39. Kg3
b5 40. Rb6+ Kf7 41. Rb7+ Kg8 42. Rb8+ Kh7 43. Rb7 b4 44. f4 b3 45. f5 Kg8 46.
Rb8+ Kf7 47. Rb7+ Kf6 48. Rb6+ Kf7 $11 1/2-1/2

[Event "112th YMCA Autumn B"]
[Site "Warszawa"]
[Date "2012.11.28"]
[Round "11"]
[White "Szukalski, Antoni"]
[Black "Krzyzanowski, Antoni"]
[Result "1-0"]
[WhiteElo "1836"]
[BlackElo "1729"]
[PlyCount "101"]
[EventDate "2012.09.18"]
[EventType "tourn"]
[EventRounds "1"]
[EventCountry "POL"]
[SourceDate "2012.09.18"]

1. d4 f5 2. Nf3 Nf6 3. e3 b6 4. c4 Bb7 5. Nc3 e6 6. Bd3 Be7 7. O-O O-O 8. Re1
Ne4 9. a3 d5 10. Ne5 Nd7 11. f4 g5 12. cxd5 exd5 13. Qb3 Nxe5 14. fxe5 Kg7 15.
Qc2 c5 16. Rf1 Qd7 17. Bd2 c4 18. Be2 g4 19. Nxe4 fxe4 20. Rae1 Rxf1+ 21. Rxf1
Rf8 22. Qd1 Rxf1+ 23. Qxf1 Bc8 24. Bd1 Qf5 25. Qxf5 Bxf5 26. Ba4 Be6 27. Kf2 h5
28. g3 Kf7 29. Ke2 Bf8 30. Bb4 Bxb4 31. axb4 Ke7 32. Kd2 Bd7 33. Bc2 b5 34. Kc3
Kd8 35. b3 Kc7 36. bxc4 bxc4 37. Bxe4 dxe4 38. Kxc4 Kb6 39. d5 Bb5+ 40. Kd4 Bd3
41. e6 Kc7 42. Ke5 Kd8 43. d6 Bc4 44. e7+ Kd7 45. Kxe4 Bf7 46. Ke5 Be8 47. e4
Bg6 48. Kf6 Be8 49. e5 a6 50. Kg7 Ke6 51. Kf8 1-0

[Event "112th YMCA Autumn B"]
[Site "Warszawa"]
[Date "2012.11.28"]
[Round "11"]
[White "Kowalczyk, Waldemar"]
[Black "Jarmuzynska, Kamila"]
[Result "1/2-1/2"]
[WhiteElo "1702"]
[BlackElo "1723"]
[Annotator "Admin"]
[PlyCount "108"]
[EventDate "2012.09.18"]
[EventType "tourn"]
[EventRounds "1"]
[EventCountry "POL"]
[SourceDate "2012.09.18"]

1. d4 f5 2. c4 Nf6 3. Nc3 g6 4. Nf3 Bg7 5. e3 b6 6. Be2 Bb7 7. O-O O-O 8. Nd2
Na6 9. a3 c5 10. d5 e6 11. Bf3 e5 12. e4 f4 13. g4 Bc8 14. Kh1 g5 15. Rg1 Kh8
16. Rg2 Ng8 17. Be2 Rf6 18. f3 Rh6 19. Kg1 d6 20. Nf1 Ne7 21. Bd2 Ng6 22. Be1
Qf6 $11 23. h3 Rxh3 24. Rh2 Rxh2 25. Nxh2 Bd7 26. Kg2 Kg8 27. Bf2 Kf7 28. Qd2
Rh8 29. Rh1 Ne7 30. Qd1 h6 31. Nb5 Ra8 32. Nc3 Qg6 33. Nf1 Rh8 34. Rh5 Ra8 35.
Nd2 Ng8 36. Rh2 Bf8 37. Rh5 Nf6 38. Rh2 Be7 39. Qh1 Bf8 40. Qd1 Be7 41. Rh1 Kg7
42. Nb5 Ng8 $11 43. Rh2 Nf6 44. Qh1 Ng8 45. Bd1 Nf6 46. Qf1 Ng8 47. Nc3 Nf6 48.
Qh1 Rh8 49. Ba4 Ra8 50. Qd1 Rh8 51. Qh1 Ra8 52. Qb1 Rh8 53. Qd1 Ra8 54. Be1 Rh8
1/2-1/2

[Event "112th YMCA Autumn B"]
[Site "Warszawa"]
[Date "2012.12.05"]
[Round "12"]
[White "Krzyzanowski, Antoni"]
[Black "Kowalczyk, Waldemar"]
[Result "1/2-1/2"]
[WhiteElo "1729"]
[BlackElo "1702"]
[PlyCount "93"]
[EventDate "2012.09.18"]
[EventType "tourn"]
[EventRounds "1"]
[EventCountry "POL"]
[SourceDate "2012.09.18"]

1. c4 Nf6 2. d4 g6 3. Nc3 Bg7 4. e4 d6 5. Be2 O-O 6. Nf3 e5 7. O-O Nc6 8. d5
Ne7 9. Ne1 Nd7 10. Be3 f5 11. f3 f4 12. Bf2 Nf6 13. a4 g5 14. a5 Ng6 15. b4 Rf7
16. c5 h5 17. a6 b6 18. Bb5 Bd7 19. Bc6 Bxc6 20. dxc6 Bf8 21. cxb6 axb6 22. Qb3
Kg7 23. Nc2 g4 24. b5 h4 25. Qe6 g3 26. Be1 gxh2+ 27. Kxh2 Nh5 28. Nd5 Ng3 29.
Rf2 Qg5 30. Na3 h3 31. gxh3 Be7 32. Nc4 Rh8 33. Qg4 Rxh3+ 34. Qxh3 Kg8 35.
Nxe7+ Rxe7 36. Rg2 Rh7 37. Rxg3 fxg3+ 38. Bxg3 Rxh3+ 39. Kxh3 Nf4+ 40. Kh2 Qh5+
41. Kg1 Qh3 42. Bxf4 exf4 43. Nd2 Qg3+ 44. Kh1 Qh3+ 45. Kg1 Qg3+ 46. Kh1 Qh3+
47. Kg1 1/2-1/2

[Event "112th YMCA Autumn B"]
[Site "Warszawa"]
[Date "2012.12.05"]
[Round "12"]
[White "Koziol, Pawel"]
[Black "Szukalski, Antoni"]
[Result "1/2-1/2"]
[WhiteElo "1829"]
[BlackElo "1836"]
[Annotator "Admin"]
[PlyCount "47"]
[EventDate "2012.09.18"]
[EventType "tourn"]
[EventRounds "1"]
[EventCountry "POL"]
[SourceDate "2012.09.18"]

1. d4 d5 2. c4 c6 3. Nf3 Nf6 4. e3 e6 5. Nbd2 Nbd7 6. Bd3 dxc4 7. Nxc4 b5 8.
Ncd2 a6 9. a4 Bb7 10. O-O Be7 11. Nb3 O-O 12. Bd2 Bd6 13. Na5 Qb6 14. Nxb7 Qxb7
15. Qb1 Rfe8 16. Re1 e5 17. e4 Rac8 18. dxe5 Nxe5 19. Nxe5 Bxe5 20. Bc3 Bxc3
21. bxc3 g6 22. Re3 Rcd8 23. Qc1 Kg7 24. c4 $11 1/2-1/2

[Event "112th YMCA Autumn B"]
[Site "Warszawa"]
[Date "2012.12.05"]
[Round "12"]
[White "Moskwinski, Marek"]
[Black "Herman, Monika"]
[Result "0-1"]
[WhiteElo "1809"]
[BlackElo "1712"]
[PlyCount "82"]
[EventDate "2012.09.18"]
[EventType "tourn"]
[EventRounds "1"]
[EventCountry "POL"]
[SourceDate "2012.09.18"]

1. e4 e5 2. Nf3 Nc6 3. Bc4 Nf6 4. O-O Bc5 5. c3 Nxe4 6. d4 exd4 7. cxd4 Be7 8.
Re1 d5 9. Bd3 Nf6 10. Ne5 O-O 11. Nxc6 bxc6 12. Bg5 h6 13. Bh4 c5 14. dxc5 Bxc5
15. Nc3 Be6 16. Qf3 Rb8 17. Rab1 Bb4 18. Bxf6 Qxf6 19. Qxf6 gxf6 20. Red1 Bxc3
21. bxc3 c5 22. Rxb8 Rxb8 23. Rb1 Rxb1+ 24. Bxb1 d4 25. cxd4 cxd4 26. Kf1 Kf8
27. Ke2 Ke7 28. a3 Kd6 29. Kd2 Kc5 30. Bd3 Bc4 31. Bf5 Bf1 32. g3 Kc4 33. Bd7
Kb3 34. a4 a5 35. Be8 Bc4 36. Bb5 Kb4 37. Be8 Bb3 38. Kd3 Bxa4 39. Bxf7 Bb3 40.
Be8 Kc5 41. Kd2 a4 0-1